000 00912cam a22002655a 4500
001 L150827
008 100907s2010 xxk f 000 0 eng d
020 _a9780230201781
035 _a(Sirsi) u150827
041 0 _aeng
050 0 4 _a333.33 $2 18
100 1 _aIsaac, David
245 0 0 _aProperty development
_bappraisal and finance
250 _a2nd ed.
260 _aBasingstoke
_bPalgrave Macmillan
_c2010
300 _axvii, 262p.
_c24cm.
520 _aGives an overview of the property development process, including site-finding, valuation, funding and construction. This second edition has been revised to take account of the credit crunch and recent changes in policy.
520 _aSupersedes first edition (ISBN 0333646908).
590 _aKA
651 4 _aUnited Kingdom
690 _aPROPERTY-PROPERTY DEVELOPMENT
700 1 _aO'Leary, John
700 1 _aDaley, Mark
942 _n0
999 _c110995
_d110995